000 00309nam a22001217a 4500
008 160423b xxu||||| |||| 00| 0 eng d
020 _a9780801647741
020 _a0801647746
041 _aeng
080 _a618.2
245 _aCommunity Health nursing:
_cMarcia Stanhope; Jeanette Lancaster;
942 _2udc
_cBK
999 _c1540
_d1540